Colección de soluciones en verso a las charadas que ha publicado el "Enano" (hoy Boletin de Loterías y de Toros) desde el año de 1854 á 1868 / (Record no. 158084)

MARC details
000 -LEADER
campo de control de longitud fija 00801nam a22001695i 4500
001 - NÚMERO DE CONTROL
campo de control 158084
003 - IDENTIFICADOR DE NÚMERO DE CONTROL
campo de control ES-MaACL
005 - FECHA Y HORA DE LA ÚLTIMA TRANSACCIÓN
campo de control 20230906211012.0
008 - DATOS DE LONGITUD FIJA--INFORMACIÓN GENERAL
campo de control de longitud fija 040823s1879 sp |||| | spa d
040 ## - FUENTE DE CATALOGACIÓN
Centro catalogador/agencia de origen CAM
Lengua de catalogación spa
Centro/agencia transcriptor CAM
100 1# - ENTRADA PRINCIPAL--NOMBRE DE PERSONA
Nombre de persona López y Ramajo, Antonio María.
9 (RLIN) 129246
245 10 - MENCIÓN DEL TÍTULO
Título Colección de soluciones en verso a las charadas que ha publicado el "Enano" (hoy Boletin de Loterías y de Toros) desde el año de 1854 á 1868 /
Mención de responsabilidad, etc. por Antonio Maria Lopez y Ramajo.
250 ## - MENCION DE EDICION
Mención de edición 2ª ed. corr., aum. é il. con notas.
260 ## - PUBLICACIÓN, DISTRIBUCIÓN, ETC.
Lugar de publicación, distribución, etc. Madrid :
Nombre del editor, distribuidor, etc. Imprenta y libreria de los hijos de Vazquez,
Fecha de publicación, distribución, etc. 1879.
300 ## - DESCRIPCIÓN FÍSICA
Extensión 126 p. ;
Dimensiones 14 cm.
852 ## - LOCALIZACIÓN
Ubicación ES-MaACL
Número de control de estantería T-406-F-3
Nota libre -- Enc. hol.
-- -- Dedicatoria ms. del autor a Ignacio José Escobar
condición física -- Falto de la cub. original
Nota libre -- Enc. en un vol. facticio
Holdings
Estatus retirado Estado de pérdida Estado de daño No para préstamo Colección Biblioteca de origen Biblioteca actual Ubicación en estantería Fecha de adquisición Total de préstamos Signatura topográfica completa Código de barras Visto por última vez Precio de reemplazo Tipo de ítem Koha
        Colección de folletos Biblioteca del Ateneo de Madrid Biblioteca del Ateneo de Madrid Depósito folletos 17/01/2008   T-406-F-3 1165448 23/02/2023 23/02/2023 Folleto